|
|
|
|
| LEADER |
01871nam a2200505 a 4500 |
| 001 |
nkc20132507048 |
| 003 |
CZ PrNK |
| 005 |
20170407124245.0 |
| 007 |
ta |
| 008 |
131014s2013 xr e 000 1 cze |
| 015 |
|
|
|a cnb002507048
|
| 020 |
|
|
|a 978-80-7295-150-5
|q (brož.) :
|c Kč 98,00
|
| 035 |
|
|
|a (OCoLC)864848968
|
| 040 |
|
|
|a ABA001
|b cze
|
| 072 |
|
7 |
|a 27-4
|x Praktická teologie. Morální teologie
|2 Konspekt
|9 5
|
| 080 |
|
|
|a 27-4
|2 MRF
|
| 080 |
|
|
|a 159.923
|2 MRF
|
| 080 |
|
|
|a 159.95:165.19
|2 MRF
|
| 080 |
|
|
|a 17.02
|2 MRF
|
| 080 |
|
|
|a 27
|2 MRF
|
| 080 |
|
|
|a (0:82-4)
|2 MRF
|
| 080 |
|
|
|a (0:82-32)
|2 MRF
|
| 100 |
1 |
|
|a Moravec, Pavel,
|d 1976-
|7 osa2013788764
|4 aut
|
| 245 |
1 |
0 |
|a Mozaika :
|b úvahy pramenící z hledání odpovědí na provokující otázky /
|c Pavel Moravec
|
| 250 |
|
|
|a 1. vyd.
|
| 260 |
|
|
|a Brno :
|b Cesta,
|c 2013
|
| 300 |
|
|
|a 100 s. ;
|c 16 cm
|
| 650 |
0 |
7 |
|a křesťanský život
|7 ph122132
|2 czenas
|
| 650 |
0 |
7 |
|a psychologie osobnosti
|7 ph115951
|x křesťanské pojetí
|2 czenas
|
| 650 |
0 |
7 |
|a řešení problémů
|7 ph137287
|x křesťanské pojetí
|2 czenas
|
| 650 |
0 |
7 |
|a životní harmonie
|7 ph138147
|x křesťanské pojetí
|2 czenas
|
| 650 |
0 |
9 |
|a Christian life
|2 eczenas
|
| 650 |
0 |
9 |
|a psychology of personality
|x Christian approach
|2 eczenas
|
| 650 |
0 |
9 |
|a problem solving
|x Christian approach
|2 eczenas
|
| 650 |
0 |
9 |
|a harmony of life
|x Christian approach
|2 eczenas
|
| 655 |
|
7 |
|a úvahy
|7 fd134000
|2 czenas
|
| 655 |
|
7 |
|a příběhy
|7 fd133204
|2 czenas
|
| 655 |
|
9 |
|a essays
|2 eczenas
|
| 655 |
|
9 |
|a stories
|2 eczenas
|
| 910 |
2 |
|
|a BOA001
|b 1-1315.020
|
| 990 |
|
|
|a BK
|
| 995 |
|
|
|a 01
|
| 991 |
|
|
|b 201311
|c NOV
|e n
|j 27-4 MOR
|
| 996 |
6 |
|
|b 2610569704
|c 1-1315.020
|l MZK
|r Sklad / do 1 hodiny
|n 2
|p p.v.
|w 001382218
|u 000010
|a 1
|e BOA001
|j MZK50
|s P
|
| 996 |
7 |
|
|b 2610569705
|c 1-1315.020
|l MZK
|r Sklad / do 1 hodiny
|n 6
|p p.v.
|w 001382218
|u 000020
|a 1
|e BOA001
|j MZK50
|s A
|